000 00340nam a2200145Ia 4500
005 20251222152607.0
008 251222s9999||||xx |||||||||||||| ||spa||
020 _a9580427119
082 _a465/E76
100 _aEscarpanter, José
245 0 _aComo Dominar la OrtografĂ­a
250 _a1ra.ed.
264 _bNorma S.A.C.
942 _cLIB
999 _c26840
_d26840